शान्ति कैसे मिलती है / (Record no. 56123)
[ view plain ]
| 000 -LEADER | |
|---|---|
| fixed length control field | 00945nam a22002057a 4500 |
| 005 - DATE AND TIME OF LATEST TRANSACTION | |
| control field | 20110901101410.0 |
| 010 ## - LCCN (DPL NO) | |
| LC control number | G-001134 |
| 020 ## - INTERNATIONAL STANDARD BOOK NUMBER | |
| International Standard Book Number | |
| Terms of availability | 20.00 |
| 035 ## - SYSTEM CONTROL NUMBER | |
| System control number | G-001134 |
| 037 ## - SOURCE OF ACQUISITION | |
| Source of stock number/acquisition | उपहार |
| 082 ## - DEWEY DECIMAL CLASSIFICATION NUMBER | |
| Classification number | क |
| 100 ## - MAIN ENTRY--PERSONAL NAME | |
| Personal name | पद्म शास्त्री |
| 245 ## - TITLE STATEMENT | |
| Title | शान्ति कैसे मिलती है / |
| Statement of responsibility, etc | पद्म शास्त्री |
| 260 ## - PUBLICATION, DISTRIBUTION, ETC. (IMPRINT) | |
| Place of publication, distribution, etc | जयपुर |
| Name of publisher, distributor, etc | निकिता प्रकाशन गृह |
| Date of publication, distribution, etc | 2008 |
| 270 ## - ADDRESS | |
| Address | सतीजी की बगीची, मोती डूंगरी रोड़, |
| City | जयपुर |
| Postal code | |
| Telephone number | |
| 300 ## - PHYSICAL DESCRIPTION | |
| Extent | 24पृ. |
| Other physical details | सचित्र |
| Dimensions | 22 सेमी (अजिल्द) |
| 942 ## - ADDED ENTRY ELEMENTS (KOHA) | |
| Source of classification or shelving scheme | Dewey Decimal Classification |
| Item type | Children Books |
| Classification part | क |
| Call number suffix | पद्मशा |
| Withdrawn status | Lost status | Not for loan | Collection code | Home library | Current library | Date acquired | Source of acquisition | Cost, normal purchase price | Full call number | Barcode | Copy number | Cost, replacement price | Koha item type |
|---|---|---|---|---|---|---|---|---|---|---|---|---|---|
| Fiction | Katevara | Katevara | 01/09/2011 | उपहार | 20.00 | क पद्मशा | G-001134 | 1 | 20.00 | Children Books |
